<?xml version="1.0" encoding="UTF-8"?><?xml-stylesheet type="text/xsl" href="static/style.xsl"?><OAI-PMH xmlns="http://www.openarchives.org/OAI/2.0/" xmlns:xsi="http://www.w3.org/2001/XMLSchema-instance" xsi:schemaLocation="http://www.openarchives.org/OAI/2.0/ http://www.openarchives.org/OAI/2.0/OAI-PMH.xsd"><responseDate>2026-06-05T15:30:04Z</responseDate><request verb="GetRecord" identifier="oai:riuma.uma.es:10630/28159" metadataPrefix="marc">https://riuma.uma.es/rest/oai/request</request><GetRecord><record><header><identifier>oai:riuma.uma.es:10630/28159</identifier><datestamp>2026-02-03T11:12:44Z</datestamp><setSpec>com_10630_2254</setSpec><setSpec>col_10630_37953</setSpec></header><metadata><record xmlns="http://www.loc.gov/MARC21/slim" xmlns:dcterms="http://purl.org/dc/terms/" xmlns:doc="http://www.lyncode.com/xoai" xmlns:xsi="http://www.w3.org/2001/XMLSchema-instance" xsi:schemaLocation="http://www.loc.gov/MARC21/slim http://www.loc.gov/standards/marcxml/schema/MARC21slim.xsd">
   <leader>00925njm 22002777a 4500</leader>
   <datafield ind2=" " ind1=" " tag="042">
      <subfield code="a">dc</subfield>
   </datafield>
   <datafield ind2=" " ind1=" " tag="720">
      <subfield code="a">Gil-Canto, Cristóbal</subfield>
      <subfield code="e">author</subfield>
   </datafield>
   <datafield ind2=" " ind1=" " tag="720">
      <subfield code="a">Martín-Barquero, Dolores</subfield>
      <subfield code="e">author</subfield>
   </datafield>
   <datafield ind2=" " ind1=" " tag="720">
      <subfield code="a">Martín-González, Cándido</subfield>
      <subfield code="e">author</subfield>
   </datafield>
   <datafield ind2=" " ind1=" " tag="260">
      <subfield code="c">2020-06-23</subfield>
   </datafield>
   <datafield ind2=" " ind1=" " tag="520">
      <subfield code="a">It is known that the ideals of a Leavitt path algebra LK (E) generated by Pl(E),&#xd;
by Pc(E) or by Pec(E) are invariant under isomorphism. Though the ideal generated by&#xd;
Pb∞ (E) is not invariant we find its “natural” replacement (which is indeed invariant): the&#xd;
one generated by the vertices of Pb∞&#xd;
p (vertices with pure infinite bifurcations). We also&#xd;
give some procedures to construct invariant ideals from previous known invariant ideals.&#xd;
One of these procedures involves topology, so we introduce the DCC topology and relate&#xd;
it to annihilators in the algebraic counterpart of the work. To be more explicit: if H is a&#xd;
hereditary saturated subset of vertices providing an invariant ideal, its exterior ext(H) in&#xd;
the DCC topology of E0 generates a new invariant ideal. The other constructor of invariant&#xd;
ideals is more categorical in nature. Some hereditary sets can be seen as functors from graphs&#xd;
to sets (for instance Pl, etc). Thus a second method emerges from the possibility of applying&#xd;
the induced functor to the quotient graph. The easiest example is the known socle chain&#xd;
Soc(1)( ) ⊆ Soc(2)( ) ⊆ · · · all of which are proved to be invariant. We generalize this idea to&#xd;
any hereditary and saturated invariant functor. Finally we investigate a kind of composition&#xd;
of hereditary and saturated functors which is associative</subfield>
   </datafield>
   <datafield ind1="8" ind2=" " tag="024">
      <subfield code="a">https://hdl.handle.net/10630/28159</subfield>
   </datafield>
   <datafield ind1="8" ind2=" " tag="024">
      <subfield code="a">10.5565/PUBLMAT6622203</subfield>
   </datafield>
   <datafield tag="653" ind2=" " ind1=" ">
      <subfield code="a">Álgebra</subfield>
   </datafield>
   <datafield ind2="0" ind1="0" tag="245">
      <subfield code="a">Invariant ideals in Leavitt path algebras.</subfield>
   </datafield>
</record>
</metadata></record></GetRecord></OAI-PMH>